000 00710nam a2200229Ia 4500
005 20251204163136.0
008 210716s2007 xx 000 0 und d
020 _a1846284759
040 _cAIMIT LIBRARY
041 _aeng
082 _a006.332
_21
_bKENS
100 _aKendal S L.
_9247709
245 _aIntroduction to knowledge engineering /
_cBy S L Kendal and M Creen.
250 _a1st ed.
260 _aLondon :
_bSpringer ,
_c2007.
300 _ax,287p.;
_bPB
_c23.4 cm
650 _aKnowledge Engineering
_9247710
651 _aAn introduction to knowledge engineering
_9247711
651 _aKnowledge acquisition
_9247712
700 _aCreen M.
_9247713
942 _2ddc
_cBK
_e1st
_k006.332 KENS
999 _c189452
_d189452